[Event "DM Kandidatklassen 2026"]
[Site "Svendborg"]
[Date "2026.04.06"]
[Round "7.12"]
[White "Durrfeld, Sofie Bech"]
[Black "Sorensen, Michael D F"]
[Result "1/2-1/2"]
[WhiteElo "2017"]
[BlackElo "2041"]
[WhiteFideId "1451324"]
[BlackFideId "1404660"]
[EventDate "2026.03.31"]
[EventType "swiss"]
[EventRounds "7"]
[EventCountry "DEN"]
[SourceTitle "Live v. Kasper Jerwiarz"]

1. e4 e5 2. Nf3 Nf6 3. Nc3 Nc6 4. Bb5 Nd4 5. O-O Nxb5 6. Nxb5 c6 7. Nc3 d6 8. d4 Qc7 9. Bg5 Be7 10. Qd3 Bg4 11. Ne2 d5 12. Nxe5 Bxe2 13. Qxe2 Nxe4 14. Bxe7 Qxe7 15. Nd3 Nd6 16. Rfe1 Qxe2 17. Rxe2+ Kd8 18. Rae1 Re8 19. Ne5 f6 20. Nd3 Rxe2 21. Rxe2 b6 22. Nf4 Kd7 23. f3 Re8 24. Kf2 Rxe2+ 25. Kxe2 g5 26. Nd3 a5 1/2-1/2